Jødedommen og Det gamle testamente - Statistics

General Stats
  • This quiz has been taken 415 times
    109 since last reset
  • The average score is 21 of 31
Answer Stats
Hint Answer % Correct
Dennes sønn igjen, som fikk navnet Israel av Gud, og 12 sønner Jakob
88%
Den store profeten og patriarken som er jødenes forfar Abraham
85%
Jødedommens hellige bok Den hebraiske bibel (Tanakh)
85%
Sønnen til Abraham, som Gud ba ham å ofre, men stoppet Isak
85%
Profeten som ledet israelittene på denne eksodusen til "det lovede land" Gud sa de skulle få Moses
85%
Det jødiske språket Hebraisk
80%
Hvilken ukedag er hviledagen (den syvende dagen)? Lørdag
80%
Denne boken er det samme som ... Det gamle testamente
78%
Jødedommens aller helligste tekst Toraen (Torah)
78%
Gudetroen i jødedommen er ... Monoteistisk
76%
Den store jødiske kongen fra før Israel ble delt og senere erobret (og som Jesus skal være i slekt med) David
73%
Den bibelske gudens navn (som jøder ikke sier) Jahve (YHWH, Yahweh)
73%
Den fremtidige jødiske kongen som skal gjenopprette Israel (betyr "den salvede") Messias
73%
Hva inngikk denne profeten med Gud? Pakten (mellom Gud og Abrahams etterkommere)
73%
Antallet jøder i verden 14 millioner
71%
Rituelt ren mat som jøder kan spise kalles ... Kosher
71%
Den jødiske hviledagen kalles ... Sabbaten
71%
Antallet bud i denne loven 613
68%
Dette er det samme som ... De fem mosebøkene
66%
Den jødiske høytiden som feirer eksodusen Påske (Pesach)
66%
Guds navn i Bibelen er derfor byttet ut med ... Herren
63%
Grunnen til at dette er den helligste teksten (hint: noe Moses fikk av Gud som er en del av pakten) Moseloven
63%
Det fysiske tegnet på pakten (hint: synlig kun på menn) Omskjæring av guttebarn
63%
Det israelittiske kongeriket som varte lengst etter delingen (stammen som ikke forsvant som de andre gjorde) Judah
59%
Den jødiske teksten i mange bind (skrevet ned senere) som tolker loven Talmud
54%
Man er fortsatt jøde uansett hvilken gud man tror på (eller ingen) dersom man er ... Etnisk jøde
51%
Dette kongeriket ble til slutt erobret av et stort rike, og jødene ble tvangsflyttet til... Babylon (det babylonske fangenskap)
46%
De geistlige med autoritet i jødedommen Rabbinere
44%
Folkeslaget som disse 12 utgjorde stammene av (en av de 12 var Juda, som ordet jøde kommer fra, men den gangen var det bredere navnet ...) Israelittene
41%
Fordi de tror på hans gud, kalles jødedommen derfor en ... Abrahamittisk religion
39%
"Eksodus" som 2. mosebok også kalles, sikter til... Utvandringen fra Egypt
29%
No matching quizzes found
Score Distribution
Percent of People with Each Score
Percentile by Number Answered
Your Score History
You have not taken this quiz since the last reset